• 首页
  • 本馆介绍
  • 公告通知
  • 最新文献
  • 馆藏检索
  • 电子资源
  • 读者导购
  • 参考咨询
  • 我的图书馆
  • 登录
  • 详细信息显示
  • 放入我的书架
  • 预约/预借图书
  • 作者相关作品
  • 分类相关作品
  • 丛书相关作品
  • 出版社相关作品

书目信息

  • 表格格式
  • 工作单格式
  • 卡片格式
题名:
创业者独白
    
 
作者: 中关村科技园管委会 , 中国青年报社 编著
分册:  
出版信息: 北京   华文出版社  2017.12
页数:
开本: 23cm
丛书名:
单 册:
中图分类: F279.271
科图分类:
主题词: 企业经济--概况--北京
电子资源:
ISBN: 978-7-5075-4821-1
000 01000nam0 2200241 450
001 012001004383
005 20140928162349.0
010    @a978-7-5075-4821-1@dCNY58.00
100    @a20180118d2017 em y0chiy0110 ea
101 0  @achi
102    @aCN@b110000
105    @ay z 000yy
106    @ar
200 1  @a创业者独白@9chuang ye zhe du bai@f中关村科技园管委会,中国青年报社编著
210    @a北京@c华文出版社@d2017.12
215    @d23cm
330    @a本书以十四个企业的发展故事为背景,讲述了创业者背后的辛酸和快乐,展现了中关村地区欣欣向荣的创业激情,也反应了中关村管委会对企业的指导和帮助,正是因为企业和管委会的良性互动,才使得“中关村地区”成为创业者的乐园。全书弘扬主旋律,以生动的内容活灵活现地落实了践行了中国梦。
606 0  @a企业经济@x概况@x北京
690    @aF279.271@v5
701  0 @a中关村科技园管委会@9zhong guan cun ke ji yuan guan wei hui@4编著
701  0 @a中国青年报社@9zhong guo qing nian bao she@4编著
801  0 @aCN@b上海新华@c20180901
905    @b1166071-5@dF279.271@e1618@f5
    
    创业者独白/中关村科技园管委会,中国青年报社编著.-北京:华文出版社,2017.12
    23cm
    
    
    ISBN 978-7-5075-4821-1:CNY58.00
    本书以十四个企业的发展故事为背景,讲述了创业者背后的辛酸和快乐,展现了中关村地区欣欣向荣的创业激情,也反应了中关村管委会对企业的指导和帮助,正是因为企业和管委会的良性互动,才使得“中关村地区”成为创业者的乐园。全书弘扬主旋律,以生动的内容活灵活现地落实了践行了中国梦。
●
相关链接 在E读中查询图书 在五车中查询图书 在当当中查询图书 在豆瓣中查询图书


正题名:创业者独白     索取号:F279.271/1618         预约/预借

序号 登录号 条形码 馆藏地/架位号 状态 备注
1 1166071   211660718   第一样本阅览室/ [索取号:F279.271/1618] 在馆    
2 1166072   211660727   第一借阅区/ [索取号:F279.271/1618] 在馆    
3 1166073   211660736   第一借阅区/ [索取号:F279.271/1618] 在馆    
4 1166074   211660745   密集书库-海洋学院/ [索取号:F279.271/1618] 在馆    
5 1166075   211660754   第一借阅区/ [索取号:F279.271/1618] 在馆    
唐山师范学院图书馆 欢迎您!
大连网信软件有限公司© 版权所有